| 000 | 00353nam a2200145Ia 4500 | ||
|---|---|---|---|
| 005 | 20251222144655.0 | ||
| 008 | 251222s9999||||xx |||||||||||||| ||spa|| | ||
| 020 | _a8401461839 | ||
| 082 | _a813/H39 | ||
| 100 | _aHenderson, C.J. | ||
| 245 | 0 | _aLos Guerreros de la Muerte | |
| 250 | _a1ra. ed. | ||
| 264 | _bPlaza & Janés Editores S.A. | ||
| 942 | _cLIB | ||
| 999 |
_c17221 _d17221 |
||